| 000 | 01806nam a22002297a 4500 | ||
|---|---|---|---|
| 008 | 250702b |||||||| |||| 00| 0 eng d | ||
| 020 | _a9780349705033 | ||
| 040 | _ctbs | ||
| 041 | _aeng | ||
| 100 |
_aSenna, Danzy _925611 _eauthor |
||
| 245 |
_a Colored television _c/ Danzy Senna. |
||
| 260 |
_aLondon, _bDialogue Books, _c2024. |
||
| 300 |
_a276 pages : _c24 cm. |
||
| 520 | _aJane has high hopes that her life is about to turn around. After a long, precarious stretch bouncing among sketchy rentals and sublets, she and her family are living in luxury for a year, house-sitting in the hills above Los Angeles. The gig magically coincides with Jane's sabbatical, giving her the time and space she needs to finish her second novel-a centuries-spanning epic her artist husband, Lenny, dubs her "mulatto War and Peace." Finally, some semblance of stability and success seems to be within her grasp. But things don't work out quite as hoped. Desperate for a plan B, like countless writers before her Jane turns her gaze to Hollywood. When she finagles a meeting with Hampton Ford, a hot producer with a major development deal at a streaming network, he seems excited to work with a "real writer," and together they begin to develop "the Jackie Robinson of biracial comedies." Things finally seem to be going right for Jane-until they go terribly wrong. Funny, piercing, and page turning, Colored Television is Senna's most on-the-pulse, ambitious, and rewarding novel yet. | ||
| 650 | 0 |
_aAuthors _vFiction _925626 |
|
| 650 | 0 |
_aLife change events _vFiction _924020 |
|
| 650 | 0 |
_aAfrican American women _vFiction _924047 |
|
| 650 | 0 |
_aRacially mixed people _vFiction _925627 |
|
| 650 | 0 |
_aAfrican Americans _xHistory _vFiction _925567 |
|
| 651 | 0 |
_aLos Angeles (California) _vFiction _924013 |
|
| 942 | _2lcc | ||
| 999 |
_c4810 _d4810 |
||